Normal view
MARC view
- Intellectual property
Entry Topical Term
001 - CONTROL NUMBER
- control field: 127993
003 - CONTROL NUMBER IDENTIFIER
- control field: NUST
005 - DATE AND TIME OF LATEST TRANSACTION
- control field: 20250227105013.0
008 - FIXED-LENGTH DATA ELEMENTS
- fixed length control field: 250227|| aca||aabn | a|a d
040 ## - CATALOGING SOURCE
- Original cataloging agency: NUST
- Transcribing agency: NUST
150 ## - HEADING--TOPICAL TERM
- Topical term or geographic name entry element: Intellectual property
- General subdivision: Economic aspects
670 ## - SOURCE DATA FOUND
- Source citation: Work cat.: (NUST)0: Research handbook on intellectual property and competition law /, c2008.
